000 00699nam0a22002411 4500
001 RU\NLR\INFOCOMM_195\5000055269
005 20250613093700.0
035 _a(NLR Aleph) 009215658
090 _a8775943
_c8775943
100 _a20100524d1961 |||y0rusy50 ca
101 0 _afre
102 _aRU
105 _aa ||||000|y
200 1 _aCompresseur BY 6/8
_e(Instruction sur l'utilisation)
_fV/o "Machinoexport"
210 _aΜ.
_cVnechtorguizdat
_d[1961]
215 _a20 с.
_cил.
_d22 см
686 _aТэн-90(Эксплуат.)
_2rubbk
712 0 2 _a"Machinoexport", v/o
_4570
801 1 _aRU
_bNLR
_c20100524
801 0 _aRU
_bNLR
_gPSBO
852 _aNLR
_jТ15 Г-6/94
942 _cBOOK
980 _aNB